ロード中...
Vijyathinu Athirukalilla Parajayam Anthimavumalla (Malayalam)
| 第一著者: | |
|---|---|
| フォーマット: | Printed Book |
| 出版事項: |
Kottayam
D C Books
2006
|
| LEADER | 00461nam a22001337a 4500 | ||
|---|---|---|---|
| 020 | |a 81-264-1281-X | ||
| 082 | |a 894.81 SCH/VI | ||
| 100 | |a Robert H Schullar | ||
| 245 | |a Vijyathinu Athirukalilla Parajayam Anthimavumalla (Malayalam) | ||
| 260 | |a Kottayam |b D C Books |c 2006 | ||
| 300 | |a 232 | ||
| 942 | |c BK | ||
| 999 | |c 169137 |d 169137 | ||
| 952 | |0 0 |1 0 |4 0 |6 894_810000000000000_SCH_VI |7 0 |9 174137 |a KAUCOAP |b KAUCOAP |d 2016-03-18 |o 894.81 SCH/VI |p KAU_COAP05717 |r 2016-03-18 |w 2016-03-18 |y BK | ||